[Event "POL-chT 2nd League"]
[Site "Miedzyzdroje"]
[Date "2009.09.17"]
[Round "6"]
[White "Krzywda, Andrzej"]
[Black "Olszewski, Marek"]
[Result "1-0"]
[WhiteElo "2149"]
[BlackElo "2155"]
[PlyCount "142"]
[EventDate "2009.09.12"]
[EventType "team-swiss"]
[EventRounds "9"]
[EventCountry "POL"]
[SourceTitle "EXT 2019"]
[Source "ChessBase"]
[SourceDate "2018.10.10"]
[SourceVersion "1"]
[SourceVersionDate "2018.10.10"]
[SourceQuality "1"]
[WhiteTeam "Chroscice LZS Victoria"]
[BlackTeam "Bydgoszcz Chemik"]
[WhiteTeamCountry "POL"]
[BlackTeamCountry "POL"]

1. e4 Nc6 2. Nf3 d6 3. d4 Nf6 4. Nc3 Bg4 5. Be3 e5 6. d5 Nb8 7. h3 Bc8 8. Bb5+ c6 9. dxc6 bxc6 10. Bc4 Be7 11. Qe2 0-0 12. Rd1 Qc7 13. 0-0 Nbd7 14. Rfe1 Nb6 15. Bb3 h6 16. Qd2 Be6 17. Bxe6 fxe6 18. Qe2 Rad8 19. a4 Qb7 20. b3 Rfe8 21. Bc1 Nbd7 22. Ba3 Nf8 23. g3 Ng6 24. Kg2 d5 25. Bxe7 Rxe7 26. Qd3 Kf7 27. exd5 exd5 28. Qf5 Rde8 29. h4 Qd7 30. Qxd7 Rxd7 31. a5 Rde7 32. Na4 Nd7 33. h5 Ngf8 34. Nh4 Re6 35. b4 Rb8 36. c3 Nh7 37. f3 Nhf6 38. g4 Ne8 39. Nf5 Nd6 40. Nxd6+ Rxd6 41. Re2 Re6 42. Rde1 Rbe8 43. Kg3 R6e7 44. Nb2 Nf6 45. Nd3 Nd7 46. Re3 Kf6 47. R3e2 Re6 48. Kg2 R6e7 49. Kf2 Kf7 50. Kg2 Re6 51. Nf2 Nf6 52. Nd3 Nd7 53. Kf2 Kf8 54. Nf4 Rd6 55. Ng6+ Rxg6 56. hxg6 Re6 57. Rd1 a6 58. c4 Nf6 59. b5 cxb5 60. cxb5 axb5 61. Rb1 Nd7 62. Rxb5 d4 63. Rd5 Ke7 64. f4 Rxg6 65. fxe5 Ra6 66. Ra2 Nf8 67. Rxd4 Ne6 68. Rb4 Nc5 69. Rb5 Ne4+ 70. Kf3 Nc3 71. Rb7+ Ke6 1-0

[Event "Chelmza op-A"]
[Site "Chelmza"]
[Date "2009.06.26"]
[Round "9"]
[White "Olszewski, Marek"]
[Black "Gajek, Radoslaw"]
[Result "1-0"]
[WhiteElo "2151"]
[BlackElo "1785"]
[PlyCount "83"]
[EventDate "2009.06.20"]
[EventType "swiss"]
[EventRounds "9"]
[EventCountry "POL"]
[SourceTitle "EXT 2012"]
[Source "ChessBase"]
[SourceDate "2011.11.24"]
[SourceVersion "1"]
[SourceVersionDate "2011.11.24"]
[SourceQuality "1"]

1. e4 g6 2. Nf3 Bg7 3. Bc4 d6 4. d4 Nf6 5. Nc3 0-0 6. Qe2 c6 7. e5 dxe5 8. dxe5 Nd5 9. Bd2 Nxc3 10. Bxc3 b5 11. Bb3 a5 12. a3 Ba6 13. Qe3 Qc7 14. h4 h5 15. Rg1 c5 16. Bd5 Bb7 17. Bxb7 Qxb7 18. g4 hxg4 19. Rxg4 b4 20. Bd2 Qd7 21. Rg3 Qa4 22. Qe4 Qc6 23. Qg4 Nd7 24. Bf4 Qe4+ 25. Kf1 Rfd8 26. Re1 Qc4+ 27. Kg2 Nf8 28. h5 Qe6 29. Qh4 gxh5 30. Qxh5 Ng6 31. Bc1 Rd5 32. Ng5 Qc6 33. Kg1 Rxe5 34. Rxe5 Nxe5 35. Qh7+ Kf8 36. Ne6+ Qxe6 37. Qxg7+ Ke8 38. Qg8+ Kd7 39. Qxa8 Qd6 40. Qb7+ Ke6 41. Qc8+ Kf6 42. Bg5+ 1-0

[Event "Chelmza op-A"]
[Site "Chelmza"]
[Date "2009.06.24"]
[Round "6"]
[White "Olszewski, Marek"]
[Black "Paprocki, Jaroslaw"]
[Result "1/2-1/2"]
[WhiteElo "2151"]
[BlackElo "2217"]
[PlyCount "25"]
[EventDate "2009.06.20"]
[EventType "swiss"]
[EventRounds "9"]
[EventCountry "POL"]
[SourceTitle "EXT 2012"]
[Source "ChessBase"]
[SourceDate "2011.11.24"]
[SourceVersion "1"]
[SourceVersionDate "2011.11.24"]
[SourceQuality "1"]

1. e4 e5 2. Nc3 Nf6 3. f4 d5 4. fxe5 Nxe4 5. Nf3 Be7 6. d4 0-0 7. Bd3 f5 8. exf6 Bxf6 9. 0-0 Nc6 10. Nxe4 dxe4 11. Bxe4 Nxd4 12. c3 Nxf3+ 13. Bxf3 1/2-1/2

[Event "Chelmza op-A"]
[Site "Chelmza"]
[Date "2009.06.23"]
[Round "5"]
[White "Olszewski, Marek"]
[Black "Kobus, Sebastian"]
[Result "1-0"]
[WhiteElo "2151"]
[BlackElo "2035"]
[PlyCount "51"]
[EventDate "2009.06.20"]
[EventType "swiss"]
[EventRounds "9"]
[EventCountry "POL"]
[SourceTitle "EXT 2012"]
[Source "ChessBase"]
[SourceDate "2011.11.24"]
[SourceVersion "1"]
[SourceVersionDate "2011.11.24"]
[SourceQuality "1"]

1. e4 e5 2. Nc3 Nf6 3. Bc4 Bc5 4. d3 d6 5. Na4 Bb6 6. Nxb6 axb6 7. f4 0-0 8. fxe5 dxe5 9. Nf3 Bg4 10. 0-0 Qd6 11. Qe1 b5 12. Bb3 Nbd7 13. Be3 Nc5 14. Qg3 Nxb3 15. axb3 Bxf3 16. gxf3 Nd7 17. f4 exf4 18. Qxf4 Rxa1 19. Rxa1 Qc6 20. Qf5 Re8 21. Bd4 Qd6 22. Qd5 Qg6+ 23. Kh1 Nb6 24. Qxb5 Rd8 25. Rg1 Qe6 26. Qg5 1-0